| 000 | 00564nam a2200193Ia 4500 | ||
|---|---|---|---|
| 003 | IN-BaIIA | ||
| 008 | 211028s9999 xx 000 0 eng d | ||
| 020 | _a981-02-3319-1 | ||
| 040 | _cIIA Library | ||
| 080 |
_a535 _bHE |
||
| 100 |
_aHe, Guang S. _923783 |
||
| 245 | 0 |
_aPhysics of nonlinear optics _cGuang S. He and Song H. Liu |
|
| 260 |
_aSingapore _bWorld Scientific _c1999 |
||
| 300 | _axxii, 552p. | ||
| 650 |
_aNonlinear optics _95388 |
||
| 650 | _aOptics | ||
| 700 |
_aLiu, Song H _923784 |
||
| 942 | _cBK | ||
| 999 |
_c13569 _d13569 |
||